000 00507nam a2200181Ia 4500
005 20250508152920.0
008 008 250505s9999 xx 000 0 eng d
037 _aTextual
040 _aFEDL
_beng
_cFEDL
041 _aeng
_2eng
084 _a621.9, PUL
_qFEDL
100 _aPull E
_9759525
245 0 _aWorkshop practice: A practical text book
260 _aBombay, India
_bAsia Publishing House
_c1960
300 _axv,739p
942 _cTEXL
_h621.9, PUL
999 _c1339591
_d1339591